The daring book for girls / (Record no. 393)

MARC details
000 -LEADER
fixed length control field 00659cam a22002538a 4500
005 - DATE AND TIME OF LATEST TRANSACTION
control field 20260322212018.0
008 - FIXED-LENGTH DATA ELEMENTS--GENERAL INFORMATION
fixed length control field data
010 ## - LIBRARY OF CONGRESS CONTROL NUMBER
LC control number 2007031986
020 ## - INTERNATIONAL STANDARD BOOK NUMBER
International Standard Book Number 9780061472572
040 ## - CATALOGING SOURCE
Original cataloging agency DLC
Transcribing agency DLC
050 00 - LIBRARY OF CONGRESS CALL NUMBER
Classification number HQ777
Item number .B82 2007
082 00 - DEWEY DECIMAL CLASSIFICATION NUMBER
Classification number 646.70083/42
Edition information 22
001 - CONTROL NUMBER
control field data
100 1# - MAIN ENTRY--PERSONAL NAME
Personal name Buchanan, Andrea J.
245 14 - TITLE STATEMENT
Title The daring book for girls /
Statement of responsibility, etc. Andrea J. Buchanan & Miriam Peskowitz.
250 ## - EDITION STATEMENT
Edition statement 1st ed.
260 ## - PUBLICATION, DISTRIBUTION, ETC.
Place of publication, distribution, etc. New York :
Name of publisher, distributor, etc. Collins,
Date of publication, distribution, etc. c2007.
263 ## - PROJECTED PUBLICATION DATE
Projected publication date 0711
300 ## - PHYSICAL DESCRIPTION
Extent p. cm.
650 #0 - SUBJECT ADDED ENTRY--TOPICAL TERM
Topical term or geographic name entry element Girls
Form subdivision Life skills guides.
650 #0 - SUBJECT ADDED ENTRY--TOPICAL TERM
Topical term or geographic name entry element Girls
Form subdivision Conduct of life.
650 #0 - SUBJECT ADDED ENTRY--TOPICAL TERM
Topical term or geographic name entry element Girls in literature.
700 1# - ADDED ENTRY--PERSONAL NAME
Personal name Peskowitz, Miriam,
Dates associated with a name 1964-
Holdings
Withdrawn status Lost status Damaged status Not for loan Home library Current library Shelving location Date acquired Total checkouts Full call number Barcode Date last seen Price effective from Koha item type
        Springfield Springfield General stacks 22/03/2026   646.70083/42 22 BC0010403 22/03/2026 22/03/2026 Books